Normal view
MARC view
Entry Personal Name
001 - CONTROL NUMBER
- control field: 16494
003 - CONTROL NUMBER IDENTIFIER
- control field: ARRUPE
005 - DATE AND TIME OF LATEST TRANSACTION
- control field: 20150325163358.0
008 - FIXED-LENGTH DATA ELEMENTS
- fixed length control field: 150325|| aca||aabn | a|a d
040 ## - CATALOGING SOURCE
- Original cataloging agency: ARRUPE
- Transcribing agency: ARRUPE
100 ## - HEADING--PERSONAL NAME
- Personal name: Sider, Robert D.
- Fuller form of name: (Robert Dick)
670 ## - SOURCE DATA FOUND
- Source citation: Work cat.: (ARRUPE)0: Sider, Robert D. (Robert Dick), The Gospel & its proclamation /, c1983.